000
00300nam a22001217a 4500
040
_c
HS
082
_a
632
110
_a
JAPAN INTERNATIONAL COOPERATION AGENCY
245
_a
Major weeds in thailand
260
_a
Thailand
_b
JAPAN INTERNATIONAL COOPERATION AGENCY
_c
1984
300
_a
142p.
942
_c
EK
999
_c
8818
_d
8818